LEADER 01072nam0-22003611i-450- 001 990000770240403321 005 20110127080030.0 010 $a88-7890-008-7 035 $a000077024 035 $aFED01000077024 035 $a(Aleph)000077024FED01 035 $a000077024 100 $a20020821d1989----km-y0itay50------ba 101 0 $aita 102 $aIT 105 $aa-------001yy 200 1 $aProgettare il consolidamento$eimpostazione del progetto di consolidamento di costruzione in muratura soggette a rischio sismico$fPaolo Rocchi 205 $a2. ed. 210 $aRoma$cEdizioni Kappa$d1989 215 $a115 p.$cill.$d24 cm 225 1 $aUniversità$iStrumenti$v18 610 0 $aCostruzioni a rischio sismico 676 $a624.1 700 1$aRocchi,$bPaolo$f<1944- >$010585 801 0$aIT$bUNINA$gRICA$2UNIMARC 901 $aBK 912 $a990000770240403321 952 $aTECN B 749$bINV.1882$fFARBC 952 $a17.001$b1049$fDARST 959 $aFARBC 959 $aDARST 996 $aProgettare il consolidamento$9326874 997 $aUNINA LEADER 01210nam--2200385---450 001 990002761580203316 005 20180420102623.0 010 $a88-464-4453-1 035 $a000276158 035 $aUSA01000276158 035 $a(ALEPH)000276158USA01 035 $a000276158 100 $a20060619d2003----km-y0itay0103----ba 101 $aita 102 $aIT 105 $a||||||||001yy 200 1 $aOrganizzazione per processi in sanita$eun approccio trasversale all'organizzazione per vincere le resistenze al cambiamento$fEugenio Vignati, Paolo Bruno$g[prefazione di Alberto Galgano] 210 $aMilano$cF. Angeli$dc2003 215 $a190 p.$d23 cm 225 2 $aAzienda moderna$v509 410 0$12001$aAzienda moderna$v509 454 1$12001 461 1$1001-------$12001 606 0 $aAziende sanitarie locali$xgestione 676 $a362.10684 700 1$aVIGNATI,$bEugenio$0383050 701 1$aBRUNO,$bPaolo$c<1966- >$0383051 801 0$aIT$bsalbc$gISBD 912 $a990002761580203316 951 $aP07 348$bDISTRA 959 $aBK 969 $aDISTRA 979 $aDISTRA1$b90$c20060619$lUSA01$h1118 996 $aOrganizzazione per processi in sanità$965284 997 $aUNISA